000 00554nam a2200193Ia 4500
005 20250508152648.0
008 008 250505s9999 xx 000 0 eng d
037 _aTextual
040 _aFEDL
_beng
_cFEDL
041 _aeng
_2eng
084 _a181.4RAD
_qFEDL
100 _aRadhakrishnan S.
245 0 _aBrahma sutra: The philosophy of spiritual life
260 _aLondon, UK
_bGeorge Allen and Unwin Ltd.
_c1960
300 _a606p
650 _aOriental philosophy
_9755543
942 _cTEXL
_h181.4RAD
999 _c1337871
_d1337871